[Event "Sunway Sitges Open 2019"]
[Site "Sitges ESP"]
[Date "2019.12.20"]
[Round "8.11"]
[White "Edouard, Romain"]
[Black "Aroshidze, Levan"]
[Result "1/2-1/2"]
[WhiteTitle "GM"]
[BlackTitle "GM"]
[WhiteElo "2653"]
[BlackElo "2514"]
[WhiteFideId "633429"]
[BlackFideId "13601865"]
[EventDate "2019.12.13"]

1. e4 c5 2. Nf3 e6 3. d4 cxd4 4. Nxd4 Nc6 5. Nc3 Qc7 6. Be2 a6 7. O-O Nf6 8. Be3
Be7 9. f4 d6 10. Qe1 O-O 11. Kh1 Nxd4 12. Bxd4 b5 13. Qg3 Bb7 14. a3 Bc6 15.
Rae1 Rac8 16. Bd3 e5 17. fxe5 Nh5 18. Qe3 dxe5 19. Bxe5 Qxe5 20. Rf5 Qe6 21.
Rxh5 Rfe8 22. Qg3 Qg6 23. Qf3 Bf6 24. Nd5 Bxb2 25. Rf1 Be5 26. Qh3 Bd7 27. Qh4
f6 28. Ne3 Rc3 29. Nf5 Rxa3 30. Qh3 Kh8 31. Rh4 Ra1 32. Qf3 Rxf1+ 33. Bxf1 Qg5
34. g3 Bxf5 35. exf5 Rc8 36. Qb7 Rb8 37. Qc6 Qc1 38. Kg2 Qd2+ 39. Kh3 Qf2 40.
Bd3 Qb6 41. Qf3 h6 42. Qh5 Qc6 43. Rg4 Qe8 44. Rg6 Bc3 45. Qf3 a5 46. Be4 Bd2
47. Bc6 Qe5 48. Qd3 Bb4 49. Rg4 Be7 50. Rd4 Qc5 51. Bd7 Rd8 52. Rd5 Qc4 53. Qxc4
bxc4 54. Be6 Rxd5 55. Bxd5 c3 56. Kg4 1/2-1/2

[Event "Sunway Sitges Open 2019"]
[Site "Sitges ESP"]
[Date "2019.12.20"]
[Round "8.12"]
[White "Tabatabaei, M.amin"]
[Black "Sadzikowski, Daniel"]
[Result "1-0"]
[WhiteTitle "GM"]
[BlackTitle "GM"]
[WhiteElo "2635"]
[BlackElo "2504"]
[WhiteFideId "12521213"]
[BlackFideId "1132253"]
[EventDate "2019.12.13"]

1. d4 d5 2. c4 e6 3. Nf3 Nf6 4. g3 Bb4+ 5. Bd2 Bd6 6. Bg2 c6 7. Nc3 Nbd7 8. b3
dxc4 9. bxc4 e5 10. e3 exd4 11. exd4 Qe7+ 12. Ne2 Ne4 13. O-O Nxd2 14. Qxd2 O-O
15. Rfe1 Nf6 16. c5 Bc7 17. Nc3 Qd8 18. Ne5 Be6 19. Rab1 Bxe5 20. Rxe5 Qc7 21.
Ne4 Nxe4 22. Bxe4 Rad8 23. Re1 Rd7 24. Bc2 Rd5 25. Bb3 Rxe5 26. Rxe5 Bxb3 27.
axb3 f6 28. Re6 Rd8 29. Qe2 Kf7 30. Re4 Qd7 31. Qh5+ Kg8 32. b4 a6 33. h4 g6 34.
Qf3 f5 35. Re5 Qxd4 36. Re7 a5 37. bxa5 Qxc5 38. Qb3+ Qd5 39. Qxb7 Qd1+ 40. Kg2
Qd5+ 41. Kh2 Qd4 42. Kh3 f4 43. Qxc6 Qa1 44. Qc4+ Kh8 45. Qf7 Qf1+ 46. Kg4 Qd1+
47. f3 h5+ 48. Kg5 Qd5+ 49. Qxd5 Rxd5+ 50. Kh6 Kg8 51. a6 fxg3 52. a7 Rd8 53.
Rb7 g2 54. Rb8 g1=Q 55. Rxd8+ Kf7 56. a8=Q Qe3+ 57. Kh7 Qe7 58. Rf8+ 1-0

[Event "Sunway Sitges Open 2019"]
[Site "Sitges ESP"]
[Date "2019.12.20"]
[Round "8.13"]
[White "Bjerre, Jonas Buhl"]
[Black "Vocaturo, Daniele"]
[Result "1-0"]
[WhiteTitle "IM"]
[BlackTitle "GM"]
[WhiteElo "2526"]
[BlackElo "2627"]
[WhiteFideId "1444948"]
[BlackFideId "813192"]
[EventDate "2019.12.13"]

1. d4 Nf6 2. c4 e6 3. Nf3 d5 4. g3 dxc4 5. Bg2 c5 6. O-O Nc6 7. dxc5 Qxd1 8.
Rxd1 Bxc5 9. Nbd2 c3 10. bxc3 O-O 11. Nb3 Be7 12. Nfd4 Bd7 13. Nb5 Ne5 14. Ba3
Bxa3 15. Nxa3 Bc6 16. f4 Neg4 17. Bxc6 bxc6 18. Nc4 Ne4 19. Kg2 Nxc3 20. Rd3 Nd5
21. Rc1 Nb4 22. Rd2 Rfd8 23. Rxd8+ Rxd8 24. h3 Nf6 25. a3 Nbd5 26. Ne5 Ne7 27.
Nxc6 Nxc6 28. Rxc6 Kf8 29. Nc5 Ne8 30. Ra6 Rd5 31. Nd3 Rd7 32. Ne5 Rb7 33. a4
Nc7 34. Rd6 Ne8 35. Rc6 f6 36. Nd3 Rb6 37. Rc8 Ke7 38. Nc5 a6 39. Kf3 h5 40. e3
g6 41. g4 hxg4+ 42. hxg4 e5 43. fxe5 fxe5 44. g5 Nd6 45. Rc7+ Kd8 46. Rd7+ Ke8
47. Ra7 Nf7 48. Ne4 Kf8 49. a5 Rc6 50. Ke2 Nd6 51. Nxd6 Rxd6 52. Kf3 Rd5 53.
Rxa6 e4+ 54. Kxe4 Rxg5 55. Ra8+ Kg7 56. a6 Ra5 57. a7 Ra1 58. Ke5 Ra5+ 59. Kf4
Rf5+ 60. Kg4 Rf7 61. Rg8+ Kxg8 62. a8=Q+ Kg7 63. e4 Rf1 64. Qa7+ Kh6 65. Qe3+
Kg7 66. Qc3+ Kf8 67. Kg5 1-0

[Event "Sunway Sitges Open 2019"]
[Site "Sitges ESP"]
[Date "2019.12.20"]
[Round "8.14"]
[White "Saduakassova, Dinara"]
[Black "Nihal, Sarin"]
[Result "0-1"]
[WhiteTitle "IM"]
[BlackTitle "GM"]
[WhiteElo "2505"]
[BlackElo "2612"]
[WhiteFideId "13700090"]
[BlackFideId "25092340"]
[EventDate "2019.12.13"]

1. d4 Nf6 2. c4 e6 3. Nf3 d5 4. g3 Bb4+ 5. Bd2 Be7 6. Bg2 O-O 7. O-O Nbd7 8. Qc2
Ne4 9. Bf4 c6 10. Nc3 g5 11. Be3 Nd6 12. cxd5 exd5 13. Qc1 f6 14. Bd2 Nb6 15. h4
h6 16. Nh2 f5 17. Nf3 Nf7 18. b3 Be6 19. hxg5 hxg5 20. Qc2 Kg7 21. Na4 Nxa4 22.
bxa4 Qd7 23. Rab1 b6 24. Bb4 Bxb4 25. Rxb4 Qd6 26. Rb3 Bd7 27. a5 b5 28. Qc5
Qxc5 29. dxc5 a6 30. a4 Kf6 31. Ra1 Ra7 32. Nd4 Rfa8 33. Nc2 Ne5 34. Nb4 Rb8 35.
Nd3 Nxd3 36. exd3 Re8 37. Kf1 f4 38. d4 Bf5 39. Rc3 b4 40. Rb3 Rb7 41. Rc1 Bg4
42. f3 Bf5 43. g4 Bg6 44. Re1 Bc2 45. Rb2 Bd3+ 46. Kf2 Rxe1 47. Kxe1 Bc4 48. Kd1
b3 49. Kd2 Rb4 0-1

[Event "Sunway Sitges Open 2019"]
[Site "Sitges ESP"]
[Date "2019.12.20"]
[Round "8.15"]
[White "Karthikeyan, Murali"]
[Black "Krzyzanowski, Marcin"]
[Result "1-0"]
[WhiteTitle "GM"]
[BlackTitle "IM"]
[WhiteElo "2611"]
[BlackElo "2506"]
[WhiteFideId "5074452"]
[BlackFideId "1132199"]
[EventDate "2019.12.13"]

1. e4 e5 2. Nf3 Nc6 3. Bb5 a6 4. Ba4 Nf6 5. O-O Bc5 6. c3 O-O 7. d4 Ba7 8. Re1
d6 9. h3 b5 10. Bc2 h6 11. Be3 Re8 12. Nbd2 Bb7 13. a3 Nb8 14. a4 exd4 15. Nxd4
Bxd4 16. cxd4 Nbd7 17. f3 c5 18. Nf1 Rc8 19. axb5 axb5 20. Ng3 Qc7 21. Rc1 h5
22. Qd2 g6 23. b4 cxd4 24. Bxd4 Ne5 25. Bb3 Qe7 26. Rxc8 Bxc8 27. Ra1 Be6 28.
Ra7 Qd8 29. Bxe6 Rxe6 30. Qa2 Ne8 31. Ne2 Nc6 32. Ra8 Qg5 33. Qd5 Ne5 34. f4
Nf3+ 35. Kf2 Qxd5 36. exd5 Rxe2+ 37. Kxe2 Nxd4+ 38. Kd3 1-0

[Event "Sunway Sitges Open 2019"]
[Site "Sitges ESP"]
[Date "2019.12.20"]
[Round "8.16"]
[White "Adly, Ahmed"]
[Black "Gordon, Stephen J"]
[Result "1-0"]
[WhiteTitle "GM"]
[BlackTitle "GM"]
[WhiteElo "2607"]
[BlackElo "2495"]
[WhiteFideId "10601619"]
[BlackFideId "411477"]
[EventDate "2019.12.13"]

1. Nf3 c5 2. g3 Nc6 3. Bg2 g6 4. O-O Bg7 5. e4 e5 6. c3 Nge7 7. a3 d6 8. b4 a6
9. d3 O-O 10. Nbd2 h6 11. Rb1 Be6 12. bxc5 dxc5 13. Qc2 Na5 14. a4 Rb8 15. Ba3
b6 16. Rb2 Nec6 17. Rfb1 Qc7 18. Nf1 Rfd8 19. Ne3 Bf8 20. Bf1 Qa7 21. Nd2 Rb7
22. Ndc4 Rdb8 23. Nxa5 Nxa5 24. d4 cxd4 25. Bxf8 Kxf8 26. cxd4 exd4 27. Nd5 Bxd5
28. exd5 b5 29. axb5 axb5 30. Bxb5 Rd8 31. Ra2 Qb6 32. Raa1 Ra7 33. Qd2 Rxd5 34.
Qxh6+ Kg8 35. Bc6 Nxc6 36. Rxb6 Rxa1+ 37. Kg2 Nd8 38. Qh4 Ra7 39. Qe4 Rad7 40.
Rb5 R5d6 41. Qd3 Ne6 42. h4 Rd5 43. Kf1 Rxb5 44. Qxb5 Rd8 45. Ke2 d3+ 46. Kd1 d2
47. h5 gxh5 48. Qxh5 Kf8 49. f4 f6 50. Qh7 Rd6 51. g4 Ke8 52. Qh2 Ke7 53. Qh6
Nd8 54. Qh7+ Ke8 55. g5 fxg5 56. fxg5 Ne6 57. g6 Kd8 58. Qf7 Rc6 59. Kxd2 Rd6+
60. Ke3 Rc6 61. g7 Nxg7 62. Qxg7 Rc7 63. Qf6+ Kd7 64. Kd4 Rc6 65. Qf5+ Kc7 66.
Qe4 Kd7 67. Qh7+ Kd6 68. Qf7 Rb6 69. Qd5+ Kc7 70. Kc5 Rb7 71. Qe4 1-0

[Event "Sunway Sitges Open 2019"]
[Site "Sitges ESP"]
[Date "2019.12.20"]
[Round "8.21"]
[White "Yankelevich, Lev"]
[Black "Shevchenko, Kirill"]
[Result "0-1"]
[WhiteTitle "IM"]
[BlackTitle "GM"]
[WhiteElo "2472"]
[BlackElo "2547"]
[WhiteFideId "24684074"]
[BlackFideId "14129574"]
[EventDate "2019.12.13"]

1. d4 Nf6 2. c4 g6 3. Nc3 d5 4. cxd5 Nxd5 5. e4 Nxc3 6. bxc3 Bg7 7. Be3 c5 8.
Nf3 Bg4 9. Rc1 Qa5 10. Qd2 Nd7 11. Ng1 Nb6 12. h3 Bd7 13. Nf3 O-O 14. d5 f5 15.
e5 e6 16. d6 Bc6 17. Be2 Bxf3 18. Bxf3 Bxe5 19. Bh6 Rfd8 20. O-O Rxd6 21. Qe2 c4
22. Rfe1 Bg7 23. Bf4 e5 24. Bg3 Rd7 25. Red1 Rxd1+ 26. Qxd1 e4 27. Be2 Qc5 28.
Bf4 Nd5 29. Qd2 Nxf4 30. Qxf4 Rd8 31. a4 Be5 32. Bxc4+ Kg7 33. Qg5 Bf6 0-1

[Event "Sunway Sitges Open 2019"]
[Site "Sitges ESP"]
[Date "2019.12.20"]
[Round "8.22"]
[White "Li, Di"]
[Black "Martin Duque, Jesus"]
[Result "1/2-1/2"]
[WhiteTitle "GM"]
[BlackTitle "IM"]
[WhiteElo "2543"]
[BlackElo "2430"]
[WhiteFideId "8607508"]
[BlackFideId "2208954"]
[EventDate "2019.12.13"]

1. Nf3 Nf6 2. c4 e6 3. g3 b6 4. Bg2 Bb7 5. d4 Be7 6. O-O O-O 7. Re1 Na6 8. Bf4
d6 9. Nc3 Ne4 10. Nxe4 Bxe4 11. Qa4 Qc8 12. Bh3 Bxf3 13. exf3 Qb7 14. d5 e5 15.
b4 Rfd8 16. Bd2 Bf6 17. Rab1 Nb8 18. f4 Qa6 19. Qxa6 Nxa6 20. Bc3 exf4 21. Bxf6
gxf6 22. gxf4 Re8 23. Re3 Rxe3 24. fxe3 Kf8 25. Bf5 h6 26. Kf2 Ke7 27. e4 Rb8
28. a3 b5 29. cxb5 Rxb5 30. Rg1 Kf8 31. Bh7 Nb8 32. Rg8+ Ke7 33. Rc8 Rb7 34. Ke3
Nd7 35. Kd4 a5 36. bxa5 Ra7 37. Bf5 Nc5 38. Kc3 Rxa5 39. Rxc7+ Kf8 40. Rc8+ Ke7
41. Rc7+ Kf8 42. Kb2 Nd3+ 43. Kb3 Nc5+ 44. Ka2 Ra4 45. e5 fxe5 46. fxe5 Rd4 47.
e6 fxe6 48. dxe6 Rd2+ 49. Kb1 Re2 50. Rf7+ Ke8 51. Rh7 Nxe6 52. Rxh6 Nd4 53.
Bg6+ Kf8 54. Rh3 Ke7 55. Bd3 Rd2 56. Re3+ Kd8 57. h3 Kc7 58. Be4 Rh2 59. Kc1 d5
60. Bg6 Ne2+ 61. Kd1 Nf4 62. Bf5 Kd6 63. a4 d4 64. Ra3 Nd5 65. Bg4 Ne3+ 66. Rxe3
dxe3 67. Be2 Rxh3 68. Kc2 Ke5 69. Kd3 Kf4 70. a5 Rh6 71. Kd4 Rd6+ 72. Kc5 Rd2
73. Bh5 Kg5 74. Bf3 Kf4 75. Bh5 Ke5 76. a6 Rc2+ 77. Kb6 Kd6 78. Kb7 Rb2+ 79. Kc8
Rb5 80. Be2 Ra5 81. Kb7 Rxa6 82. Kxa6 1/2-1/2

[Event "Sunway Sitges Open 2019"]
[Site "Sitges ESP"]
[Date "2019.12.20"]
[Round "8.25"]
[White "Krysa, Leandro"]
[Black "Sekar, B"]
[Result "1/2-1/2"]
[WhiteTitle "GM"]
[WhiteElo "2527"]
[BlackElo "2176"]
[WhiteFideId "116807"]
[BlackFideId "5043743"]
[EventDate "2019.12.13"]

1. Nf3 Nf6 2. c4 e6 3. Nc3 d5 4. e3 Bd6 5. b3 c5 6. Bb2 Nc6 7. cxd5 exd5 8. d4
O-O 9. Be2 Re8 10. O-O cxd4 11. Nxd4 Nxd4 12. Qxd4 Be5 13. Qd2 Bg4 14. Bb5 Bd7
15. Bxd7 Qxd7 16. Rad1 Rac8 17. Na4 Qd6 18. Bxe5 Qxe5 19. h3 b5 20. Nb2 Ne4 21.
Qd4 Qxd4 22. Rxd4 Rc2 23. Nd3 Nc3 24. Nf4 g5 25. Nxd5 Ne2+ 26. Kh2 Nxd4 27. Nf6+
Kf8 28. Nxe8 Kxe8 29. exd4 Rxa2 30. Kg3 Ke7 31. Kg4 Kf6 32. d5 Rd2 33. g3 Rxd5
34. Ra1 Kg6 35. Ra6+ f6 36. Rxa7 Rd3 37. h4 h5+ 38. Kh3 g4+ 39. Kg2 Rxb3 40. Rd7
Rf3 41. Rb7 Rf5 42. f3 gxf3+ 43. Kf2 Rc5 44. Kxf3 Kf5 45. Rb8 Rc3+ 46. Kg2 Rb3
47. Rh8 Kg6 48. Rg8+ Kh7 49. Rb8 Rb2+ 50. Kf3 b4 51. Rb5 Kg6 52. Ke3 b3 53. Kf3
Rb1 54. Kg2 Rb2+ 55. Kf3 Rb1 56. Kg2 Kh6 57. Kf2 Kg7 58. Kg2 Kg6 1/2-1/2

[Event "Sunway Sitges Open 2019"]
[Site "Sitges ESP"]
[Date "2019.12.20"]
[Round "8.27"]
[White "Kobo, Ori"]
[Black "Melkumyan, Hrant"]
[Result "1/2-1/2"]
[WhiteTitle "GM"]
[BlackTitle "GM"]
[WhiteElo "2457"]
[BlackElo "2668"]
[WhiteFideId "2812320"]
[BlackFideId "13302485"]
[EventDate "2019.12.13"]

1. d4 Nf6 2. c4 e6 3. g3 d5 4. Bg2 dxc4 5. Nf3 a6 6. O-O Nc6 7. Nbd2 b5 8. b3 c3
9. Nb1 b4 10. a3 Rb8 11. axb4 Bxb4 12. Qd3 e5 13. Nxe5 Nxe5 14. dxe5 Qxd3 15.
exd3 Nd7 16. d4 O-O 17. Be3 c5 18. Rc1 cxd4 19. Bxd4 Nc5 20. Bxc5 Bxc5 21. Nxc3
Bd4 22. Ra4 Bxe5 23. Nd5 Re8 24. h3 Bd6 25. Nc7 Bxc7 26. Rxc7 Rd8 27. Ra5 Rxb3
28. Bd5 Rb1+ 29. Kg2 Rf8 30. Bxf7+ Kh8 31. g4 Rb6 32. Rac5 Bb7+ 33. Bd5 Bxd5+
34. Rxd5 Rbf6 35. Rc2 h6 36. Ra5 Rb6 37. Rca2 Rff6 38. Rd5 Kh7 39. Rd7 Rg6 40.
Kh2 h5 41. gxh5 Rgf6 42. Ra7 Rf5 43. R7xa6 Rxf2+ 44. Rxf2 Rxa6 1/2-1/2

[Event "Sunway Sitges Open 2019"]
[Site "Sitges ESP"]
[Date "2019.12.20"]
[Round "8.28"]
[White "Kjartansson, Gudmundur"]
[Black "Lagarde, Maxime"]
[Result "0-1"]
[WhiteTitle "IM"]
[BlackTitle "GM"]
[WhiteElo "2448"]
[BlackElo "2655"]
[WhiteFideId "2301318"]
[BlackFideId "662399"]
[EventDate "2019.12.13"]

1. c4 f5 2. d4 Nf6 3. g3 g6 4. Bg2 Bg7 5. Nf3 O-O 6. O-O d6 7. Nc3 c6 8. Rb1 Qc7
9. d5 Na6 10. Nd4 Bd7 11. a3 Nc5 12. b4 Nce4 13. Nxe4 Nxe4 14. Bb2 cxd5 15. cxd5
Qc4 16. Bxe4 fxe4 17. Ne6 Bxe6 18. Bxg7 Kxg7 19. dxe6 Qxe6 20. Qd4+ Kg8 21. Rbc1
Rf7 22. Rc7 b6 23. a4 h5 24. b5 h4 25. gxh4 Rh7 26. Kh1 Rxh4 27. f4 Kf7 28. e3
Rah8 29. Rf2 R8h5 30. Rd2 Rh3 31. Rc1 Rc5 32. Re1 Rc4 33. Qa1 Qc8 34. a5 Rxe3
35. Rg1 Rec3 36. axb6 axb6 37. Qa2 Qe6 38. Rdg2 e3 39. Qb1 Qf5 0-1

[Event "Sunway Sitges Open 2019"]
[Site "Sitges ESP"]
[Date "2019.12.20"]
[Round "8.29"]
[White "Batsiashvili, Nino"]
[Black "Sethuraman, S.P."]
[Result "0-1"]
[WhiteTitle "GM"]
[BlackTitle "GM"]
[WhiteElo "2447"]
[BlackElo "2638"]
[WhiteFideId "13602993"]
[BlackFideId "5021596"]
[EventDate "2019.12.13"]

1. Nf3 d5 2. c4 d4 3. b4 c5 4. e3 Nf6 5. bxc5 Nc6 6. exd4 Nxd4 7. Bb2 e5 8. Nxd4
exd4 9. Qe2+ Be6 10. Qe5 d3 11. Qc3 Bf5 12. Qe5+ Qe7 13. Qxe7+ Bxe7 14. Nc3 Bxc5
15. Na4 Be7 16. g4 Nxg4 17. Bxg7 Rg8 18. Bc3 Bh4 19. Bh3 Bd7 20. Nb2 Nxf2 21.
Bxd7+ Kxd7 22. Kf1 Nxh1 23. Nxd3 Rae8 24. Rb1 Kc8 25. Rb5 Rg5 26. Ne5 Rf5+ 27.
Kg2 Rg8+ 28. Kh3 Be7 0-1

[Event "Sunway Sitges Open 2019"]
[Site "Sitges ESP"]
[Date "2019.12.20"]
[Round "8.34"]
[White "Zanan, Evgeny"]
[Black "Sorensen, Hampus"]
[Result "1-0"]
[WhiteTitle "IM"]
[BlackTitle "FM"]
[WhiteElo "2493"]
[BlackElo "2364"]
[WhiteFideId "24101940"]
[BlackFideId "8703884"]
[EventDate "2019.12.13"]

1. d4 d5 2. c4 e6 3. Nf3 Nf6 4. Nc3 Bb4 5. Qb3 c5 6. dxc5 Nc6 7. Bg5 h6 8. Bxf6
Qxf6 9. e3 dxc4 10. Qxc4 e5 11. a3 Be6 12. Qb5 Bxc3+ 13. bxc3 O-O 14. Be2 Qe7
15. O-O Rac8 16. Nd2 Rc7 17. Ne4 Nb8 18. Qa5 Nc6 19. Qa4 a6 20. Rfd1 Nd8 21. Qb4
Bd7 22. Bc4 Bc6 23. Bd5 Ne6 24. c4 Kh8 25. Nd6 Rb8 26. Qb6 Bxd5 27. cxd5 Nxc5
28. Rac1 Rd8 29. Rxc5 Rxc5 30. Qxd8+ 1-0

[Event "Sunway Sitges Open 2019"]
[Site "Sitges ESP"]
[Date "2019.12.20"]
[Round "8.38"]
[White "Petrosyan, Manuel"]
[Black "Mieles Palau, Daniel"]
[Result "1-0"]
[WhiteTitle "GM"]
[BlackTitle "IM"]
[WhiteElo "2613"]
[BlackElo "2382"]
[WhiteFideId "13300857"]
[BlackFideId "3600467"]
[EventDate "2019.12.13"]

1. d4 d5 2. c4 e6 3. Nf3 Nf6 4. g3 dxc4 5. Bg2 b5 6. a4 c6 7. O-O Bb7 8. b3 cxb3
9. Nbd2 Be7 10. Nxb3 Nbd7 11. Ne1 b4 12. a5 Ba6 13. Nd3 O-O 14. Qc2 Rc8 15. Rd1
Nd5 16. Bb2 Bxd3 17. Qxd3 c5 18. Bxd5 exd5 19. dxc5 Nxc5 20. Nxc5 Bxc5 21. Qxd5
Qxd5 22. Rxd5 Rfd8 23. Rad1 Rxd5 24. Rxd5 Bf8 25. Rb5 Rc5 26. Rxb4 Rxa5 27. Rb8
f6 28. Bd4 a6 29. Ra8 Kf7 30. Ra7+ Ke6 31. g4 Ra2 32. e3 a5 33. h4 a4 34. h5 h6
35. Ra6+ Kf7 36. Kg2 a3 37. Kg3 Rc2 38. f3 Rc7 39. Kf4 Rb7 40. Ke4 Be7 41. f4
Rd7 42. Ra5 Bb4 43. Ra4 Be7 44. Ra6 Rb7 45. Ra8 Rd7 46. Rb8 Bd6 47. Rb5 Be7 48.
Kd3 Rc7 49. Ra5 Bb4 50. Ra6 Be7 51. e4 Rc1 52. e5 fxe5 53. fxe5 Bc5 54. Bxc5
Rxc5 55. Kd4 Rc1 56. Rxa3 Rd1+ 57. Ke4 Re1+ 58. Kf4 Rf1+ 59. Rf3 Re1 60. Kf5 Re2
61. Rf1 Re3 62. Ra1 Rf3+ 63. Ke4 Rb3 64. Kf4 g5+ 65. hxg6+ Kxg6 66. Ra6+ Kg7 67.
Rd6 Rb1 68. Kf5 Rf1+ 69. Ke6 Rf4 70. Kd7 Rxg4 71. e6 Re4 72. Ke8 Ra4 73. e7 Ra8+
74. Rd8 Ra2 75. Kd7 Ra7+ 76. Ke8 1-0

[Event "Sunway Sitges Open 2019"]
[Site "Sitges ESP"]
[Date "2019.12.20"]
[Round "8.41"]
[White "Raja, Rithvik R"]
[Black "Barseghyan, Harutyun"]
[Result "1/2-1/2"]
[WhiteTitle "IM"]
[BlackTitle "IM"]
[WhiteElo "2381"]
[BlackElo "2498"]
[WhiteFideId "35007394"]
[BlackFideId "13304585"]
[EventDate "2019.12.13"]

1. d4 Nf6 2. c4 e6 3. Nc3 Bb4 4. Qc2 d5 5. cxd5 exd5 6. Bg5 h6 7. Bh4 Nc6 8. e3
g5 9. Bg3 h5 10. h3 Ne4 11. Bh2 Qe7 12. Bb5 Bf5 13. Qb3 O-O-O 14. Ne2 Na5 15.
Qa4 a6 16. a3 Nxc3 17. Nxc3 Bxc3+ 18. bxc3 Nc4 19. Bxc4 dxc4 20. Qxc4 Be4 21. f3
Bd5 22. Qe2 g4 23. Bf4 gxf3 24. gxf3 Qe6 25. Kd2 Rhg8 26. Rag1 Bc4 27. Qf2 Qf5
28. Kc1 f6 29. h4 Qb5 30. Qb2 Qxb2+ 31. Kxb2 Be2 1/2-1/2

[Event "Sunway Sitges Open 2019"]
[Site "Sitges ESP"]
[Date "2019.12.21"]
[Round "9.1"]
[White "Liang, Awonder"]
[Black "Korobov, Anton"]
[Result "0-1"]
[WhiteTitle "GM"]
[BlackTitle "GM"]
[WhiteElo "2593"]
[BlackElo "2668"]
[WhiteFideId "2056437"]
[BlackFideId "14105730"]
[EventDate "2019.12.13"]

1. e4 c5 2. Nc3 d6 3. Bb5+ Nd7 4. a4 Nf6 5. f4 a6 6. Bc4 e6 7. d3 Be7 8. Nf3 O-O
9. O-O b6 10. Qe1 Bb7 11. Bb3 Rc8 12. e5 Ne8 13. Bd2 g6 14. f5 gxf5 15. exd6
Nxd6 16. Ne2 Bxf3 17. Rxf3 Ne5 18. Rh3 c4 19. Ba2 cxd3 20. cxd3 Bf6 21. Bc3 Ng6
22. Qd2 Bg5 23. Qd1 Ne8 24. Nd4 Ng7 25. Nf3 Bf6 26. Qd2 h5 27. Rf1 Re8 28. Bc4
Bxc3 29. bxc3 b5 30. axb5 axb5 31. Ba2 Qa5 32. Bb1 Qxc3 33. Qh6 Rc7 34. Rg3 Qf6
35. d4 Rc3 36. Rg5 b4 37. Ne5 b3 38. Rd1 b2 39. Nxg6 fxg6 40. Rxg6 Rc1 41. Rxf6
Rxd1+ 42. Kf2 Rxb1 43. Kg3 Rc1 0-1

[Event "Sunway Sitges Open 2019"]
[Site "Sitges ESP"]
[Date "2019.12.21"]
[Round "9.3"]
[White "Donchenko, Alexander"]
[Black "Nasuta, Grzegorz"]
[Result "1/2-1/2"]
[WhiteTitle "GM"]
[BlackTitle "GM"]
[WhiteElo "2644"]
[BlackElo "2545"]
[WhiteFideId "24603295"]
[BlackFideId "1141686"]
[EventDate "2019.12.13"]

1. d4 Nf6 2. c4 g6 3. Nf3 Bg7 4. Nc3 d5 5. cxd5 Nxd5 6. e4 Nxc3 7. bxc3 c5 8.
Be3 Qa5 9. Qd2 Nc6 10. Rb1 a6 11. Rc1 f5 12. e5 f4 13. Bxf4 Bg4 14. Be2 Rd8 15.
Rd1 Bxf3 16. Bxf3 Nxe5 17. Bxb7 Nc4 18. Bc6+ Kf7 19. Qc2 cxd4 20. O-O dxc3 21.
Rfe1 Rxd1 22. Qxd1 Rd8 23. Qe2 Ne5 24. Be4 Qb5 25. Qe3 Bf6 26. Bc2 Nd3 27. Rd1
Nxf4 28. Rxd8 Ne2+ 29. Kh1 Nd4 30. Bd3 Qc5 31. Qh6 c2 32. Qxh7+ Ke6 33. Qh3+ Nf5
34. Bxf5+ gxf5 35. Qb3+ Ke5 36. Qb2+ Ke6 37. Qb3+ Ke5 38. Qb8+ Ke4 39. Qb7+ Ke5
40. Qb8+ Ke4 41. Qb7+ Ke5 42. f4+ Kxf4 43. Qf3+ Ke5 44. Qe2+ Kf4 45. Qf1+ Ke4
46. Qd3+ Ke5 47. Qe2+ Kf4 48. Qd2+ Ke4 49. Qe2+ 1/2-1/2

[Event "Sunway Sitges Open 2019"]
[Site "Sitges ESP"]
[Date "2019.12.21"]
[Round "9.4"]
[White "Shevchenko, Kirill"]
[Black "Tabatabaei, M.amin"]
[Result "1/2-1/2"]
[WhiteTitle "GM"]
[BlackTitle "GM"]
[WhiteElo "2547"]
[BlackElo "2635"]
[WhiteFideId "14129574"]
[BlackFideId "12521213"]
[EventDate "2019.12.13"]

1. e4 e5 2. Nf3 Nc6 3. Bb5 a6 4. Ba4 d6 5. c3 Bd7 6. O-O g6 7. d4 Bg7 8. Re1 Nf6
9. dxe5 Nxe5 10. Bxd7+ Qxd7 11. Nxe5 dxe5 12. Qxd7+ Kxd7 13. Nd2 Bh6 14. Nc4
Bxc1 15. Raxc1 Ke6 16. Rcd1 a5 17. f3 a4 18. Rd2 Rhd8 19. Red1 Rxd2 20. Rxd2 Nd7
21. Ne3 Nc5 22. Nd5 Rc8 23. Nb4 c6 24. Nd3 b6 25. Kf2 Nb7 26. c4 c5 27. Ke3 Na5
28. b3 Ra8 29. Rb2 Rd8 30. Kd2 Rd4 31. Kc3 a3 32. Rb1 Nc6 33. b4 cxb4+ 34. Nxb4
Na5 35. Nc2 Rxc4+ 36. Kd3 Rc6 37. Nxa3 f5 38. Rb4 Rd6+ 39. Kc3 f4 40. Nc4 Nxc4
41. Rxc4 Kd7 42. Ra4 Rc6+ 43. Kd3 Rd6+ 44. Kc3 Rc6+ 45. Kd3 Rc5 46. Ra7+ Rc7 47.
Rxc7+ Kxc7 48. Kc4 Kc6 49. a4 g5 50. Kb4 1/2-1/2

[Event "Sunway Sitges Open 2019"]
[Site "Sitges ESP"]
[Date "2019.12.21"]
[Round "9.6"]
[White "Heimann, Andreas"]
[Black "Santos Latasa, Jaime"]
[Result "1-0"]
[WhiteTitle "GM"]
[BlackTitle "GM"]
[WhiteElo "2617"]
[BlackElo "2585"]
[WhiteFideId "24624632"]
[BlackFideId "2293307"]
[EventDate "2019.12.13"]

1. d4 Nf6 2. c4 e6 3. Nc3 Bb4 4. e3 c5 5. Bd3 Nc6 6. Ne2 O-O 7. O-O cxd4 8. exd4
d5 9. cxd5 Nxd5 10. Nxd5 exd5 11. Nf4 Bd6 12. Be3 Bxf4 13. Bxf4 Nxd4 14. Bxh7+
Kxh7 15. Qxd4 Be6 16. Rfe1 Qd7 17. Rad1 Rfe8 18. Re3 f6 19. h3 a6 20. Rg3 Bf7
21. Be3 Re5 22. Qd3+ Kh8 23. Bd4 Re6 24. Rg4 Re4 25. Qg3 Be6 26. Rh4+ Rxh4 27.
Qxh4+ Kg8 28. Rd3 Qf7 29. Rg3 Rf8 30. Qf4 Bd7 31. Kh2 Be6 32. Re3 Re8 33. Rg3
Rf8 34. Qd6 Qd7 35. Qb6 Kh7 36. Qb4 Kg8 37. Qb6 Kh7 38. Re3 Re8 39. Rc3 Re7 40.
Qb4 Rf7 41. Bb6 Bf5 42. Qh4+ Kg8 43. Qf4 Qe6 44. Bd4 Qe4 45. Qd2 Re7 46. Bxf6
Bxh3 47. Rg3 Rf7 48. Qg5 Qf5 49. Bxg7 Qxg5 50. Rxg5 Be6 51. Bd4+ Kf8 52. Kg3 Ke7
53. a3 Kd6 54. Rg6 Kd7 55. Rg7 Rxg7+ 56. Bxg7 Kc6 57. Bd4 Kb5 58. Kf4 Kc4 59.
Ke5 Bd7 60. Bc3 b5 61. f4 a5 62. Bxa5 d4 63. f5 d3 64. g4 Kb3 65. Bc3 Kc2 66. g5
d2 67. Bxd2 Kxd2 68. g6 Be8 69. Ke6 1-0

[Event "Sunway Sitges Open 2019"]
[Site "Sitges ESP"]
[Date "2019.12.21"]
[Round "9.7"]
[White "Nihal, Sarin"]
[Black "Wagner, Dennis"]
[Result "1/2-1/2"]
[WhiteTitle "GM"]
[BlackTitle "GM"]
[WhiteElo "2612"]
[BlackElo "2578"]
[WhiteFideId "25092340"]
[BlackFideId "24650684"]
[EventDate "2019.12.13"]

1. e4 e5 2. Nf3 Nc6 3. Bb5 a6 4. Ba4 Nf6 5. O-O Be7 6. d3 b5 7. Bb3 d6 8. Bd2
O-O 9. h3 h6 10. Re1 Re8 11. a3 Bf8 12. Nc3 Ne7 13. a4 Bd7 14. Qb1 Ng6 15. Qa2
Nh8 16. Nh4 b4 17. Nd1 Nh5 18. Nf5 Nf4 19. Nde3 a5 20. Qb1 Ne6 21. Qd1 Nc5 22.
Bd5 Rb8 23. Qf3 c6 24. Bc4 Be6 25. b3 Ng6 26. g3 Bxc4 27. dxc4 Ne7 28. Rad1 Ne6
29. Bc1 Nxf5 30. Nxf5 c5 31. Bb2 Nd4 32. Qd3 g6 33. Nh4 Qf6 34. Kg2 h5 35. Bxd4
cxd4 36. Nf3 Bh6 1/2-1/2